South Eastern Kenya University

Library Online Public Access Catalogue


Ecological Monitering Methods (Record no. 1846)

MARC details
000 -LEADER
fixed length control field 00197nam a22000977a 4500
050 ## - LIBRARY OF CONGRESS CALL NUMBER
Classification Number QH96.8
Item Number .E26
100 ## - MAIN ENTRY--Author
Personal name Grant F.Ian
245 ## - TITLE
Title Ecological Monitering Methods
260 ## - PUBLICATION, DISTRIBUTION, ETC.(IMPRINT)
Name of publisher, distributor, etc DEID
942 ## - ADDED ENTRY ELEMENTS(KOHA)
Koha item type General circulation
Holdings
Source of classification or shelving scheme Not for loan Location (home branch) Sublocation (holding branch) Date accessioned Cost, normal purchase price Full call number Barcode Copy number Cost, replacement price Koha item type Public note
Library of Congress Classification   Main Campus Library Main Campus Library 26/08/2014 500.00 QH96.8 .E26 3399 C1 1000.00 General circulation kim
Library of Congress Classification   Main Campus Library Main Campus Library 26/08/2014 500.00 QH96.8 .E26 3397 C2 1000.00 General circulation kim
Library of Congress Classification   Main Campus Library Main Campus Library 26/08/2014 500.00 QH96.8 .E26 6364 C3 1000.00 General circulation kim
Kitui, Kenya.
+254736116989
library@seku.ac.ke